Cryptography and network security: Principles and practice (Record no. 17867)

MARC details
000 -LEADER
fixed length control field 00512nam a2200181Ia 4500
008 - FIXED-LENGTH DATA ELEMENTS--GENERAL INFORMATION
fixed length control field 230917s9999||||xx |||||||||||||| ||und||
020 ## - ISBN
Price RS639
040 ## - CATALOGING SOURCE
-- 231490
Original cataloging agency VIVEKANANDA LIBRARY
041 ## - Language
-- English
082 ## - DDC NUMBER
Classification number 005.8 S18C(6)
100 ## - MAIN ENTRY--PERSONAL NAME
Personal name Stallings, William
245 #0 - TITLE STATEMENT
Title Cryptography and network security: Principles and practice
250 ## - EDITION STATEMENT
Edition statement 6th ed.
260 ## - PUBLICATION, DISTRIBUTION, ETC. (IMPRINT)
Place of publication, distribution, etc New Delhi
Name of publisher, distributor, etc Pearson India Education
Date of publication, distribution, etc 2015
300 ## - PHYSICAL DESCRIPTION
Pages 660 p.
500 ## - GENERAL NOTE
General note 2269 01/02/2016 HBD15/1721 01/03/2016 Main Budget
942 ## - ADDED ENTRY ELEMENTS (KOHA)
Koha item type Books
Holdings
Withdrawn status Lost status Damaged status Not for loan Location (home branch) Sublocation or collection (holding branch) Date acquired Koha issues (times borrowed) Koha full call number Accession No. Koha date last seen Koha item type
        VIVEKANANDA LIBRARY VIVEKANANDA LIBRARY 22/03/2016 1 005.8 S18C(6) 352343 15/09/2025 Books
        VIVEKANANDA LIBRARY VIVEKANANDA LIBRARY 22/03/2016 2 005.8 S18C(6) 352344 01/03/2025 Books
        VIVEKANANDA LIBRARY VIVEKANANDA LIBRARY 22/03/2016 1 005.8 S18C(6) 352345 11/12/2023 Books
        VIVEKANANDA LIBRARY VIVEKANANDA LIBRARY 22/03/2016   005.8 S18C(6) 352346 17/09/2023 Books
© Designed and Maintained by Vivekananda Library, MDU Rohtak